Das ultimative 300er-Quiz - Statistiken

Allgemein
  • Dieses Quiz wurde 42 mal gespielt
  • Das Durchschnittsergebnis liegt bei 23 aus 30
Antwortstatistiken
Frage Antwort % Korrekt
Wie viele Wörter hat die deutsche Sprache (aktiver Wortschatz laut Duden)? Über 300
100%
Wie viele Sprachen werden weltweit gesprochen (einschließlich Dialekte)? Über 300
97%
Wie viele Seiten hat ein typischer Harry-Potter-Roman im Schnitt? Über 300
97%
Wie viele Tage dauert ein normales Kalenderjahr? Über 300
97%
Wie viele Mitglieder hatte die Europäische Union im Jahr 2024? Unter 300
97%
Wie viele Oscar-Kategorien gibt es aktuell? Unter 300
95%
Wie viele Länder gibt es derzeit auf der Welt (anerkannte Staaten)? Unter 300
95%
Wie viele Planeten gibt es im Sonnensystem? Unter 300
95%
Wie viele Kilometer lang ist Donau? Über 300
92%
Wie viele Kalorien hat eine durchschnittliche Tafel Vollmilchschokolade? Über 300
92%
Wie viele verschiedene Wörter verwendet Goethe im „Faust I“ ungefähr? Über 300
87%
Wie viele Euro-Scheine gibt es (verschiedene Stückelungen)? Unter 300
87%
Wie viele Bücher umfasst die Bibel (Altes + Neues Testament)? Unter 300
85%
Wie viele Tore sind in allen Champions-League-Finalen zusammen gefallen? Unter 300
82%
Wie viele Bundesligaspiele werden in einer Saison (18 Teams) gespielt? Über 300
79%
Wie viele offizielle Pokémon gibt es (Stand 2024)? Über 300
79%
Wie viele Knochen hat ein erwachsener Mensch im Durchschnitt? Unter 300
79%
Wie viele Disney-Zeichentrickfilme wurden bis 2024 veröffentlicht? Unter 300
79%
Wie viele deutsche Bundestagsabgeordnete gibt es derzeit? Über 300
77%
Wie viele Kalorien verbrennt man bei einer Stunde Joggen ungefähr? Über 300
77%
Wie viele Folgen hatte die Serie „Friends“? Unter 300
74%
Wie viele Artikel hat das Grundgesetz der Bundesrepublik Deutschland? Unter 300
72%
Wie viele Millimeter sind in einer Standard-Cola-Dose? Über 300
64%
Wie viele verschiedene Farbtöne erkennt ein durchschnittliches menschliches Auge? Über 300
64%
Wie viele verschiedene Sorten Bier gibt es in Deutschland? Über 300
64%
Wie viele Atome enthält ein einzelnes Wassermolekül? Unter 300
64%
Wie viele Meter hoch ist der Eiffelturm? Über 300
54%
Wie viele Muskeln hat ein Mensch ungefähr? Über 300
49%
Wie viele Stücke hat Beethovens Werkverzeichnis (WoO und Opus)? Über 300
28%
Wie viele verschiedene Sternbilder gibt es offiziell (nach IAU)? Unter 300
28%
Keine übereinstimmenden Quizze gefunden
Verteilung der Resultate
Anzahl Personen mit jedem Resultat
Perzentil nach korrekt beantworteten Fragen
Ihre Resultats-Entwicklung
Sie haben dieses Quiz noch nicht gespielt